Vybrané oblasti a nástroje regionálneho marketingu v podmienkach SR

Východiská regionálneho marketingu. Podstata regionálneho marketingu. Regionálny marketing a priemyselné parky. Využitie eventov v regionálnom marketingu. Klasifikácia event marketingových aktivít.

Gespeichert in:
Bibliographische Detailangaben
1. Verfasser: Hanuláková, Eva, 1964-
Format: Buchkapitel
Sprache:Slowakisch
Schlagworte:
Tags: Tag hinzufügen
Keine Tags, Fügen Sie das erste Tag hinzu!

MARC

LEADER 00000naa$a2200000$$$4500
001 0047078
005 20240502071537.6
041 0 |a slo 
044 |a SK 
245 1 0 |a Vybrané oblasti a nástroje regionálneho marketingu v podmienkach SR  |c Eva Hanuláková 
520 |a Východiská regionálneho marketingu. Podstata regionálneho marketingu. Regionálny marketing a priemyselné parky. Využitie eventov v regionálnom marketingu. Klasifikácia event marketingových aktivít. 
610 2 0 |a marketing regionálny 
610 2 0 |a nástroje marketingové 
610 2 0 |a regióny 
610 2 0 |a parky priemyselné 
610 2 0 |a marketing územia 
610 2 0 |a propagácia 
610 2 0 |a komunikácia marketingová 
100 1 |a Hanuláková, Eva, 1964-